Conozca : (Registro nro. 12359)

Detalles MARC
000 -LIDER
fixed length control field 00672nam a22002297a 4500
001 - NÚMERO DE CONTROL
Identificador de número de control 001193
003 - IDENTIFICACDOR DE NÚMERO DE CONTROL
control field DO-SdBNP
005 - DATE AND TIME OF LATEST TRANSACTION
control field 20180216130010.0
007 - CAMPOS FIJOS DE DESCRIPCIÓN FÍSICA
fixed length control field 0011937
008 - ELEMENTOS DE LONGITUD FIJA
fixed length control field 161208b 1989 cu|||| |||| 00| 0 spa d
040 ## - FUENTE DE CATALOGACIÓN
Agencia que crea de manera original el registro BPMSU
Idioma de catalogación spa
Agencia que realiza la transcripción BPMSU
100 1# - ASIENTO PRINCIPAL -- NOMBRE PERSONAL
Nombre personal Silva Lee, Alfonso
245 1# - MENCIÓN DE TITULO
Título Conozca :
Subtítulo animales de ayer /
Mención de responsabilidad Alfonso Silva Lee ; ilustraciones Omar Moya Moya
260 ## - PUBLICACIÓN, DISTRIBUCIÓN, ETC. (PIE DE IMPRENTA)
Lugar de publicación, distribución, etc La Habana, Cuba:
Nombre del editor, distribuidor, etc. Gente Nueva,
Fecha de publicación, distribución, etc 1992.
300 ## - DESCRIPCIÓN FÍSICA
Extensión 38 p. :
Otros detalles físicos il.,
Dimensiones 24 cm.
490 1# - MENCIÓN DE SERIES
Mención de serie Biblioteca escolar
700 1# - ASIENTO SECUNDARIO -- NOMBRE PERSONAL
Nombre personal Moya Moya, Omar,
Mención de responsabilidad il.
830 #0 - ASIENTO SECUNDARIO DE SERIE--TÍTULO UNIFORME
Título uniforme Biblioteca escolar
942 ## - ADDED ENTRY ELEMENTS (KOHA)
Source of classification or shelving scheme Dewey Decimal Classification
Koha item type Libros
945 ## - INFORMACIÓN DE PROCESAMIENTO LOCAL
Información de procesamiento local Inventariado, 2018/MFF
956 ## - LOCAL ELECTRONIC LOCATION AND ACCESS (OCLC)
Nombre de host BTAVÁREZ
Número de acceso 10
Información de compresión 20161208
Trayectoria 0011937
Existencias
Withdrawn status Lost status Source of classification or shelving scheme Damaged status Not for loan Collection code Home library Current library Date acquired Total Checkouts Barcode Date last seen Price effective from Koha item type
    Dewey Decimal Classification     Colección Infantil General Biblioteca Pública Metropolitana Salomé Ureña Biblioteca Pública Metropolitana Salomé Ureña 12/08/2016   BPMSU16120225 12/08/2016 12/08/2016 Libros